[Event "Stay Safe Play From Home 229"]
[Site "Emanuel Lasker Arena"]
[Date "2020.06.16"]
[Round "7"]
[White "SecantFX"]
[Black "Toosieslide"]
[Result "1/2-1/2"]
[WhiteElo "1841"]
[BlackElo "2281"]
[Annotator "TA"]
[PlyCount "125"]
[EventDate "2020.06.16"]
[EventType "swiss (blitz)"]

{[%evp 9,125,0,-22,-45,-12,-31,-19,-40,-24,-23,-23,-32,-25,-23,0,0,19,0,0,0,0,0,0,0,0,-39,0,-25,-35,-266,-65,-102,-72,-97,-83,-136,-36,-180,0,-111,15,9,239,10,570,28,269,266,275,283,330,322,284,212,281,250,224,108,29987,-348,-329,-302,-336,-316,-302,-357,-243,-222,0,-348,-340,-334,-332,-284,-243,-251,0,-223,8,8,302,0,1481,1434,1800,0,0,0,0,0,0,-29975,-29976,-29976,0,-29984,-29985,-29985,-29986,-29986,-29987,-29987,-29988,-29988,-29989,-29989,-29990,-29990,-29991,-29991,-29992,-29992,-29992,-29994,-29993,-29993,0,0]} 1. g3 d5 2. Bg2 c6 3. f4 Nf6 4. Nf3 Bf5 5. e3 e6 {[#]} 6. d4 $146 {A03: Bird's Opening with 1...d5.} ({Predecessor:} 6. O-O h5 7. d3 Bd6 8. Qd2 Nbd7 9. b3 Bg6 10. Bb2 Qe7 11. Nc3 e5 12. fxe5 Nxe5 13. Nxe5 Bxe5 {0-1 (38) Skalicky,J (1311)-Ruzicka,V (1649) Klatovy 2016}) 6... h6 7. c3 Bd6 8. Nbd2 Nbd7 9. O-O Ne4 10. Re1 Nxd2 (10... O-O {is more complex.} 11. Nxe4 Bxe4 12. b3 a5 13. Nd2 Bxg2 14. Kxg2 f5) 11. Nxd2 Qc7 12. e4 dxe4 13. Bxe4 Bxe4 14. Nxe4 O-O-O 15. Nxd6+ Qxd6 16. Be3 Nf6 17. Bf2 g5 18. Re5 gxf4 19. gxf4 $2 (19. Qf3 $1 $15) 19... Nd5 $2 (19... Rdg8+ $19 20. Kh1 Ng4 $1 {[%mdl 512]}) 20. Bg3 Rhg8 21. Kf2 f6 22. Re4 (22. Rh5 $142) 22... Rdf8 ({Black should play} 22... f5 $17 23. Re5 h5 $1 {[%mdl 512]}) 23. Qh5 (23. Qe2 $15) 23... e5 $2 (23... f5 $19 24. Re2 Nf6) 24. dxe5 (24. Qf5+ $11 {remains equal.} Kb8 25. dxe5 Qc5+ 26. Kf3) 24... fxe5 (24... Qc5+ $17 25. Kf1 Ne3+ 26. Rxe3 Qxe3) 25. Qxe5 $11 Qc5+ $2 {[#]} (25... Qg6 $11 26. Qe6+ Qxe6 27. Rxe6 h5) 26. Qd4 $2 (26. Kf3 $1 $18) 26... Qb5 $2 {[%mdl 8192]} (26... Nf6 $1 $11 {and Black has nothing to worry.} 27. Re6 (27. Re8+ $2 Rxe8 28. Qxc5 Ne4+ {[%mdl 64] Double Attack} 29. Kf3 Nxc5 $19) 27... Qxd4+ 28. cxd4 Nd5) 27. b3 $2 ({Only move:} 27. c4 $18 c5 28. Qe5) 27... Re8 $2 (27... Qa5 $11) 28. Rxe8+ $18 Rxe8 {[#]} 29. c4 $1 {[%cal Rc4b5]} ({Wrong is} 29. Qxa7 $2 Qe2+ 30. Kg1 Ne3 $19) 29... Qb4 30. Rd1 ({Not} 30. Qxa7 Qd2+ 31. Kg1 Ne3 $17) 30... Nb6 31. Rd2 Qe7 32. Kg2 Nd7 33. Qd6 (33. f5 $18) 33... Qh7 $2 {[%mdl 8192]} (33... Qe4+ $16 34. Kg1 Qf5) 34. Qxd7+ $4 {[%mdl 8192]} (34. f5 $1 Ne5 35. Bxe5 Qg8+ 36. Bg3 Qxg3+ 37. hxg3 a6 38. f6 Rh8 39. f7) 34... Qxd7 $19 35. Rxd7 Kxd7 {[%mdl 4096] Endgame KR-KB} 36. Kf3 Ke6 37. a4 Rf8 38. Ke4 Re8 $2 (38... Kf6 $19 {Strongly threatening ...Re8+.} 39. Bh4+ Kg6) 39. Kd4 $2 {[%mdl 8192]} (39. Kf3 $1 $11) 39... Kf6 40. Kc5 Kf5 41. b4 Kg4 42. b5 Kh3 $2 (42... cxb5 $19 43. axb5 h5) 43. bxc6 $2 (43. b6 $11 {and White is okay.} Ra8 44. bxa7 Rxa7 45. f5 Rxa4 46. f6) 43... bxc6 $2 ({Black should try} 43... Rc8 $19 44. Kd5 Rxc6) 44. Kxc6 $11 h5 $2 {[%mdl 8192]} (44... Kg4 $1 $11) 45. c5 $2 (45. Kd7 $18 Rf8 46. Ke7) 45... Re2 $2 {[%mdl 8192]} (45... h4 $11) 46. f5 $18 h4 47. f6 $2 (47. Bd6 $18 Kg4 48. f6) 47... hxg3 $11 48. hxg3 {Hoping for Kb7.} Kxg3 {KR-K3P} 49. f7 Rf2 50. f8=Q $4 {[%mdl 8192]} (50. Kd6 $11 Rxf7 51. c6) 50... Rxf8 {KR-KPP} 51. Kb7 Rf4 $2 (51... Kf4 52. Kxa7 Ke5 53. Kb6 Rf6+ 54. Kb5 Kd5 55. a5 Rf1 56. Kb4 Rb1+ 57. Kc3 Kxc5 58. Kd3 Kd5 59. Ke3 Ra1 60. Kf4 Rxa5 61. Ke3 Ra4 62. Kf3 Re4 63. Kg3 Ke5 64. Kf3 Kf5 65. Kg3 Rf4 66. Kh3 Rf3+ 67. Kh2 Kg4 68. Kg2 Rf5 69. Kh1 Kh3 70. Kg1 Kg3 71. Kh1 Rf1#) 52. c6 $2 {[%mdl 8192]} (52. a5 $11) 52... Rxa4 {KR-KP} 53. c7 Rc4 54. c8=Q Rxc8 55. Kxc8 {KP-K} a5 56. Kb7 a4 57. Kb6 a3 58. Kb5 a2 59. Kc4 a1=Q 60. Kd5 Qb2 61. Ke4 Qc3 62. Kd5 Qc6+ $2 (62... Kf3 {mates} 63. Ke6 Qc6+ 64. Ke7 Ke4 65. Kd8 Kf5 66. Ke7 Qc7+ 67. Ke8 Kf6 68. Kf8 Qf7#) 63. Kxc6 {Accuracy: White = 45%, Black = 38%.} 1/2-1/2

[Event "Stay Safe Play From Home 229"]
[Site "Emanuel Lasker Arena"]
[Date "2020.06.16"]
[Round "7"]
[White "Mcpupple"]
[Black "Lazieri3"]
[Result "0-1"]
[WhiteElo "1829"]
[BlackElo "2103"]
[Annotator "TA"]
[PlyCount "94"]
[EventDate "2020.06.16"]
[EventType "swiss (blitz)"]

{[%evp 9,93,-227,-208,-288,-264,-385,-382,-431,-423,-444,-438,-440,-431,-544,-547,-538,-537,-695,-690,-687,-687,-775,-756,-879,-568,-790,-727,-721,-554,-815,-646,-823,-821,-803,-748,-743,-736,-743,-724,-722,-720,-707,-689,-716,-705,-1180,-1160,-5397,-4898,-4798,-1953,-29983,-29982,-29986,-29987,-29987,-29988,-29989,-29990,-29990,-29991,-29990,-29989,-29990,-29989,-29989,-29990,-29990,-29991,-29991,-29992,-29992,-29992,-29993,-29994,-29994,-29995,-29995,-29996,-29996,-29997,-29997,-29998,-29998,-29999,-29999]} 1. d4 c6 2. Nf3 d5 3. e4 dxe4 4. Ne5 Nd7 5. Nxf7 Kxf7 {[#]} 6. Qh5+ $146 {D02: 1 d4 d5 2 Nf3 sidelines, including 2...Nf6 3 g3 and 2...Nf6 3 Bf4.} ({Predecessor:} 6. Nd2 Ngf6 7. Bc4+ e6 8. O-O Nb6 9. c3 Nxc4 10. Nxc4 c5 11. Bg5 cxd4 12. Ne5+ {0-1 (22) Puckett,G (1200)-Boni,R (1166) IECG email 2007}) 6... g6 7. Qg4 (7. Qh4 $142) 7... Ndf6 $19 8. Qe2 {Black is winning.} Qxd4 9. Nd2 e5 10. c3 Qd5 11. Qe3 Bc5 12. Bc4 Bxe3 13. Bxd5+ Nxd5 14. fxe3 Nxe3 {White must now prevent ...Nc2+.} 15. Ke2 Nc2 16. Rb1 Bf5 {And now ...Bg4+ would win.} 17. b3 e3 18. Nf3 {[#]} Nd4+ $1 19. Nxd4 (19. cxd4 Bxb1) 19... Bxb1 20. Bxe3 exd4 21. Bxd4 Nf6 22. Rxb1 Rhe8+ 23. Kd3 Rad8 {Hoping for ...c5.} 24. Rf1 c5 {[%mdl 64] [#] Pin} 25. Rxf6+ {[%mdl 4096] Endgame KRR-KRB} Ke7 26. Rf4 cxd4 27. Rxd4 Rxd4+ 28. cxd4 {KR-KP} Kd6 29. a3 Kd5 30. g4 Re4 {Black mates.} 31. h4 Rxd4+ 32. Kc3 Rxg4 33. b4 Rxh4 {KR-KPP} 34. a4 Rh3+ 35. Kd2 Kc4 36. b5 Kb4 37. a5 Kxa5 38. Ke2 Kxb5 {KR-K} 39. Kf2 Rc3 40. Kg2 Kb4 41. Kf2 a5 42. Ke2 a4 43. Kd2 a3 44. Ke2 a2 45. Kd1 a1=Q+ 46. Ke2 Qb2+ 47. Kd1 Rc1# {White did not feel at home in the position after the opening.} 0-1

[Event "Stay Safe Play From Home 229"]
[Site "Emanuel Lasker Arena"]
[Date "2020.06.16"]
[Round "7"]
[White "Edmatuag"]
[Black "Tartak"]
[Result "1-0"]
[WhiteElo "1672"]
[BlackElo "1589"]
[Annotator "NA RC"]
[PlyCount "91"]
[EventDate "2020.06.16"]
[EventType "swiss (blitz)"]

1. c4 {[%emt 0:00:01]} d6 {[%emt 0:00:01]} 2. f4 {[%emt 0:00:01]} Nf6 {[%emt 0:00:01]} 3. Nf3 {[%emt 0:00:00]} g6 {[%emt 0:00:01]} 4. d3 {[%emt 0:00:00]} Bg7 {[%emt 0:00:01]} 5. Bd2 {[%emt 0:00:00]} Nc6 {[%emt 0:00:00]} 6. Bc3 {[%emt 0:00:00]} O-O {[%emt 0:00:01]} 7. Nbd2 {[%emt 0:00:00]} a6 {[%emt 0:00:00]} 8. Ne4 {[%emt 0:00:00]} Nxe4 {[%emt 0:00:03]} 9. dxe4 {[%emt 0:00:00]} Bxc3+ {[%emt 0:00:01]} 10. bxc3 {[%emt 0:00:00]} b5 {[%emt 0:00:01]} 11. Qd5 {[%emt 0:00:01]} Bd7 {[%emt 0:00:03]} 12. cxb5 {[%emt 0:00:01]} axb5 {[%emt 0:00:01]} 13. Qxb5 {[%emt 0:00:00]} Nd4 {[%emt 0:00:07]} 14. Qd3 {[%emt 0:00:02]} Nb3 {[%emt 0:00:02]} 15. Rb1 {[%emt 0:00:06]} Nc5 {[%emt 0:00:01]} 16. Qc2 {[%emt 0:00:01]} Ba4 {[%emt 0:00:03]} 17. Qc1 {[%emt 0:00:02]} Nxe4 {[%emt 0:00:01]} 18. Nd2 {[%emt 0:00:03]} Nc5 {[%emt 0:00:03]} 19. Nc4 {[%emt 0:00:02]} Bc6 {[%emt 0:00:04]} 20. e3 {[%emt 0:00:02]} Rxa2 {[%emt 0:00:01]} 21. Nd2 {[%emt 0:00:03]} Be4 {[%emt 0:00:04]} 22. Nxe4 {[%emt 0:00:04]} Nxe4 {[%emt 0:00:01]} 23. Be2 {[%emt 0:00:01]} c6 {[%emt 0:00:01]} 24. Bf3 {[%emt 0:00:02]} Nc5 {[%emt 0:00:02]} 25. O-O {[%emt 0:00:03]} Qc7 {[%emt 0:00:02]} 26. Qd1 {[%emt 0:00:01]} Rfa8 {[%emt 0:00:02]} 27. Qd4 {[%emt 0:00:02]} Nb3 {[%emt 0:00:01]} 28. Rxb3 {[%emt 0:00:03]} Ra1 {[%emt 0:00:01]} 29. Rbb1 {[%emt 0:00:00]} Rxb1 {[%emt 0:00:01]} 30. Rxb1 {[%emt 0:00:01]} c5 {[%emt 0:00:00]} 31. Qd2 {[%emt 0:00:03]} Rb8 {[%emt 0:00:01]} 32. Rxb8+ {[%emt 0:00:04]} Qxb8 {[%emt 0:00:01]} 33. h3 {[%emt 0:00:00]} Qb1+ {[%emt 0:00:02]} 34. Kh2 {[%emt 0:00:00]} Qf5 {[%emt 0:00:01]} 35. Bd5 {[%emt 0:00:00]} e6 {[%emt 0:00:01]} 36. Bb3 {[%emt 0:00:01]} g5 {[%emt 0:00:01]} 37. Qxd6 {[%emt 0:00:01]} gxf4 {[%emt 0:00:02]} 38. Qxf4 {[%emt 0:00:01]} Qxf4+ {[%emt 0:00:00]} 39. exf4 {[%emt 0:00:01]} Kg7 {[%emt 0:00:00]} 40. Kg1 {[%emt 0:00:00]} Kf6 {[%emt 0:00:00]} 41. Kf2 {[%emt 0:00:00]} Kf5 {[%emt 0:00:00]} 42. Ke2 {[%emt 0:00:00]} e5 {[%emt 0:00:01]} 43. Kd3 {[%emt 0:00:00]} exf4 {[%emt 0:00:01]} 44. Kc4 {[%emt 0:00:01]} f6 {[%emt 0:00:00]} 45. Kxc5 {[%emt 0:00:01]} f3 {[%emt 0:00:00]} 46. gxf3 {[%emt 0:00:02] Time (Lag: Av=0.69s, max=0.9s)} 1-0

[Event "Stay Safe Play From Home 229"]
[Site "Emanuel Lasker Arena"]
[Date "2020.06.16"]
[Round "7"]
[White "Klasman"]
[Black "Rachomtbg"]
[Result "0-1"]
[WhiteElo "1268"]
[BlackElo "1904"]
[Annotator "TA"]
[PlyCount "22"]
[EventDate "2020.06.16"]
[EventType "swiss (blitz)"]

{[%evp 9,22,-740,-136,-716,0,-141,-91,-122,-120,-129,-120,-1762,-1743,-1739,-1727]} 1. f4 e5 2. fxe5 d6 3. exd6 Bxd6 4. e4 g5 {[#]} 5. h3 $146 ({Predecessor:} 5. d4 g4 6. e5 {1-0 (6) Nair,U-Ventimiglia,C IECG email 2002}) 5... Bg3+ 6. Ke2 {[#] A02: Bird's Opening.} Qf6 $2 (6... Qd4 $1 $19 {[%cal Rd4e4][%mdl 512]} 7. Nc3 Be6) 7. Nf3 (7. c3 $11 {keeps the balance.}) 7... Nc6 {Hoping for ...g4.} ({Don't take} 7... g4 8. hxg4 Bxg4 9. c3 $17) 8. d4 g4 $40 {[%mdl 128] White is in trouble.} 9. hxg4 Bxg4 10. Nbd2 $2 {[%mdl 8192] [#]} (10. c3 $17) 10... Nxd4+ $19 11. Kd3 O-O-O 0-1

[Event "Stay Safe Play From Home 229"]
[Site "Emanuel Lasker Arena"]
[Date "2020.06.16"]
[Round "8"]
[White "little champs"]
[Black "Bardellosport"]
[Result "0-1"]
[WhiteElo "2313"]
[BlackElo "2040"]
[Annotator "TA"]
[PlyCount "128"]
[EventDate "2020.06.16"]
[EventType "swiss (blitz)"]

{[%evp 9,128,35,59,14,5,-8,0,3,3,-14,7,14,25,30,17,9,20,11,54,24,41,-4,255,255,274,270,283,290,314,307,301,238,240,242,290,238,279,283,359,301,300,289,284,236,272,266,887,879,1033,1011,1115,910,1038,1006,1032,1025,1081,1020,1093,1079,1199,1122,1314,1309,1295,1286,1766,1679,1856,1965,2010,2010,5689,5190,4998,3114,29978,29979,6598,2145,29977,2217,2125,2011,2211,2165,29988,29987,29985,29986,29990,924,29978,29978,858,29991,29992,1234,29978,1234,1234,1010,29991,29990,29994,29995,29995,29994,29994,29994,29994,29986,29986,29987,29987,29988,29988,29985,29986,29986,29986]} 1. d4 d6 2. e3 Nd7 3. Nf3 Ngf6 4. Be2 e5 5. O-O Be7 6. dxe5 {A46: 1 d4 Nf6 2 Nf3 e6: Torre, London and Colle Systems.} dxe5 7. b3 c6 8. Bb2 {The position is equal.} Qc7 9. c4 O-O 10. Qc2 {[#]} h6 $146 ({Predecessor:} 10... Re8 11. Nc3 Nf8 12. Rfd1 Bg4 13. Ne4 Ng6 14. h3 Bd7 15. Ng3 Rad8 16. Rac1 b6 {½-½ (33) Salazar Cabezas,A (1799)-Avalos,C (1861) Managua 2019}) 11. Nc3 Bd6 12. Rad1 Re8 13. h3 e4 14. Nd4 Nc5 15. Qd2 Qe7 $2 {[%mdl 8192] [#] Now Black is done in.} (15... Rd8 $11 {and Black is okay.}) 16. Nxc6 $1 $18 {[%mdl 576] Discovered Attack} bxc6 17. Qxd6 Qxd6 18. Rxd6 Nd3 19. Bxd3 exd3 20. Rxd3 Bf5 21. Rd6 Rad8 22. Rfd1 Rxd6 23. Rxd6 Re7 24. Ba3 {And now Rxf6! would win.} Rc7 25. Rd8+ Kh7 26. Bd6 Rb7 27. f3 Bb1 $2 (27... Rd7) 28. Nxb1 Nd7 29. Nc3 Nb6 30. Ne4 f5 31. Nc5 Rf7 32. Re8 Kg6 33. f4 a5 34. Be5 a4 35. Nxa4 Nd7 36. Re6+ Kh7 37. Rxc6 Re7 38. Nc5 Nxe5 39. fxe5 Rxe5 {[%mdl 4096] Endgame KRN-KR} 40. a4 Rxe3 41. a5 Re1+ 42. Kh2 Ra1 43. a6 f4 44. Rb6 Ra2 45. Kg1 (45. Na4 $142 f3 46. a7 Rxg2+ 47. Kh1 Re2 48. Kg1 Re1+ {[#]} 49. Kf2 $1 {[%mdl 576] Double Attack} Re2+ 50. Kxf3) 45... Ra1+ 46. Kf2 Ra2+ 47. Kf3 g5 48. Rb7+ Kg6 49. a7 Kf5 50. Rb6 (50. Na4 $142 Rd2 51. a8=Q Rd3+ 52. Kf2 Rd2+ 53. Ke1 Rd6 54. Rb5+ Kg6 55. Qe8+ Kf6 56. Qe5+ Kg6 57. Qxd6+ Kh5 58. Qe6 f3 59. gxf3 Kh4 60. Qg4#) 50... h5 51. g4+ hxg4+ 52. hxg4+ Ke5 53. Nd7+ Kd4 54. Rd6+ (54. Rb7 $142 Ra3 55. c5 Kd5 56. Rb6 Kd4 57. Rb4+ Kc3 58. Ra4 Rxb3 59. a8=Q Kc2+ 60. Ke4) 54... Kc3 55. Nb6 Ra1 56. a8=Q {White mates.} Rf1+ 57. Ke2 Rc1 58. Rd3+ Kb2 59. Qh8+ Kb1 60. Qh1 Rxh1 61. Rd1+ Rxd1 62. Kxd1 Kb2 63. Nd5 f3 {[#]} 64. Nf4 $1 f2 {[%mdl 32768] Accuracy: White = 71%, Black = 53%. . Loss on time!?} (64... gxf4 65. c5) 0-1

[Event "Stay Safe Play From Home 229"]
[Site "Emanuel Lasker Arena"]
[Date "2020.06.16"]
[Round "8"]
[White "Lamborghini"]
[Black "Lazieri3"]
[Result "1-0"]
[WhiteElo "2250"]
[BlackElo "2109"]
[Annotator "TA"]
[PlyCount "95"]
[EventDate "2020.06.16"]
[EventType "swiss (blitz)"]

{[%evp 13,95,32,36,0,0,0,5,5,7,0,39,-14,-16,-42,-6,-17,35,24,76,41,37,33,50,42,17,24,139,139,135,130,130,24,34,11,-4,16,39,12,35,30,25,25,23,14,19,3,0,0,5,0,204,0,195,0,0,-112,-14,-22,-24,-120,-140,-117,-91,-116,-143,-356,-47,-113,-58,-64,0,-416,-85,-98,-82,-85,-90,-85,-86,-174,-158,-244,-130,-172]} 1. e4 c6 2. d4 d5 3. Nc3 {[%cal Bb1c3,Bc3e4,Be4g5][%mdl 32]} dxe4 4. Nxe4 Nd7 5. Ng5 Ndf6 6. Bc4 e6 7. N1f3 Bd6 8. Qe2 {B17: Caro-Kann: Modern Line (4...Nd7).} h6 9. Ne4 Nxe4 10. Qxe4 {The position is equal.} Nf6 11. Qe2 {[#]} b6 $146 ({Predecessor:} 11... b5 12. Bd3 Bb7 13. Bd2 a6 14. O-O-O Qc7 15. Kb1 Nd5 16. Ne5 c5 17. c4 bxc4 18. Nxc4 cxd4 {½-½ (68) Braun,C (2408)-Eliet,N (2410) Belgium 2010}) 12. Be3 (12. Ne5 $14) 12... Bb7 $11 13. O-O-O Qc7 14. Rhe1 O-O-O (14... O-O $11) 15. Kb1 $14 c5 (15... Nd5 $11) 16. Ba6 Bxa6 17. Qxa6+ Qb7 18. Qxb7+ Kxb7 19. dxc5 Bxc5 (19... bxc5 $11 20. c4 Ng4) 20. Bxc5 $16 {[#] Hoping for Bd4.} bxc5 21. Ne5 Rhf8 22. Nc4 (22. Rxd8 $16 Rxd8 23. b3) 22... Kc7 23. f3 Rxd1+ 24. Rxd1 $11 {[%mdl 4096] Endgame KRN-KRN} Rd8 {[%cal Rd8d1] [#]} 25. Re1 Nh5 26. Kc1 Nf4 27. g3 Nd5 28. a3 Nb6 29. Ne5 f6 30. Nd3 Kd6 31. Nf4 {Threatens to win with Rd1+.} e5 $2 (31... g5 $11 32. Rd1+ Nd5) 32. Nh5 $2 (32. Rd1+ $18 Ke7 33. Rxd8 Kxd8 34. Nh5) 32... Rd7 $2 (32... Rg8 $11 {and Black stays safe.}) 33. b3 $2 (33. Rd1+ $18 Ke6 34. Rxd7 Nxd7 35. Nxg7+ Kf7 36. Nf5) 33... Ke6 34. f4 (34. Nf4+ $11 Ke7 35. Ne2) 34... c4 (34... g6 $17 35. f5+ gxf5 36. Nf4+ Kf7) 35. fxe5 fxe5 36. Rf1 (36. Nf4+ $11 {remains equal.} Kf6 37. Ng2) 36... cxb3 $17 37. cxb3 Rc7+ 38. Kb2 Nd5 {...g6 is the strong threat.} 39. Rf8 $2 (39. g4 $17 {was called for.}) 39... Ne3 $2 (39... g6 $19 40. Re8+ Re7 41. Ng7+ Kf7) 40. Re8+ (40. h3 $15) 40... Kd6 (40... Kf5 $17 41. h3 a5) 41. Rd8+ Ke6 (41... Ke7 $15 42. Rd3 Rc2+ 43. Kb1 Rxh2 44. Nxg7 Nc2) 42. Rd2 $2 {[%mdl 8192]} (42. Re8+ $11 {and White has nothing to worry.} Kd5 43. h3) 42... Nd5 $2 (42... g6 $19 {is more deadly.} 43. Rd3 Nd5 44. Nf4+ exf4 45. gxf4 Nxf4) 43. Re2 Nf6 44. Nf4+ Kf5 45. Nd3 e4 46. Nf4 (46. Rf2+ $17 Ke6 47. Nf4+ Ke5 48. Rc2) 46... Rd7 47. Rf2 (47. Ng2 $17 {was necessary.}) 47... Ke5 (47... e3 $19 48. Rc2 Ng4) 48. Re2 {[%mdl 32768] Accuracy: White = 40%, Black = 51%. . Loss on time!?} 1-0

[Event "Stay Safe Play From Home 229"]
[Site "Emanuel Lasker Arena"]
[Date "2020.06.16"]
[Round "8"]
[White "SoulofWolf"]
[Black "Mcpupple"]
[Result "1-0"]
[WhiteElo "2192"]
[BlackElo "1824"]
[Annotator "TA"]
[PlyCount "93"]
[EventDate "2020.06.16"]
[EventType "swiss (blitz)"]

{[%evp 11,93,18,20,12,14,13,11,10,10,-7,0,-3,0,-19,6,0,16,-12,0,0,0,-39,0,0,55,0,55,24,102,65,517,495,512,512,520,502,458,363,600,575,572,549,731,716,675,650,850,333,1039,554,1821,666,629,530,472,485,728,728,1195,950,1020,829,824,791,29975,1770,1478,1016,776,608,670,543,653,528,12836,6697,2090,1920,29982,29983,29983,29984,29983,29983]} 1. d4 c6 2. Nf3 d5 3. Bg5 Nf6 4. e3 Nbd7 5. Bd3 e6 6. Nbd2 Be7 7. O-O {D03: 1 d4 d5 2 Nf3 Nf6 3 Bg5, including Torre Attack with early ...d5.} h6 8. Bh4 b6 9. c4 {The position is equal.} Bb7 {[#]} 10. b3 $146 ({Predecessor:} 10. cxd5 cxd5 11. Qa4 a6 12. Rfc1 O-O 13. Ne5 b5 14. Qd1 Nxe5 15. dxe5 Nd7 16. Bxe7 Qxe7 {0-1 (43) Aravindh,C (2630)-Fridman,D (2622) chess.com INT 2020}) 10... Rc8 11. Re1 O-O 12. Rc1 dxc4 13. bxc4 c5 14. Nb3 cxd4 15. exd4 Bb4 16. Re2 g5 {[#] Hoping for ...Bxf3.} 17. Bg3 Be7 ({Black should play} 17... Nh5 $11) 18. Rec2 (18. Ne1 $14) 18... Nb8 ({Better is} 18... Ba3 $11) 19. c5 {[%cal Bc4c5,Bc5b6,Bb6b7][%mdl 32]} Bd5 (19... Nc6 $11 {remains equal.}) 20. cxb6 Nc6 $2 {[%mdl 8192] Black cannot hold the game after this.} (20... Rxc2 $14 21. Rxc2 (21. Qxc2 axb6 22. Ne5 Nbd7 $11) 21... Qxb6) 21. b7 $18 Rb8 22. Rxc6 Bxc6 23. Rxc6 Rxb7 24. Bb1 Nd5 $2 (24... Qd5) 25. Qd3 {[%csl Gb1][%cal Rd3h7]} f5 26. Rxe6 Nf4 27. Bxf4 gxf4 28. d5 Bg5 {[#]} 29. Nfd4 $2 (29. h4 $1) 29... Rxb3 $2 (29... Qxd5 30. Bc2 Bf6 31. Qxf5 Qxf5 32. Nxf5 Kh8 33. Nxh6 Re7) 30. axb3 f3 31. g3 Qxd5 32. Qc4 Qxc4 33. bxc4 Rb8 (33... Rd8 $142 34. Nxf3 Rd1+ 35. Re1 Rxe1+ 36. Nxe1 Bd2) 34. Bxf5 Rc8 35. Nxf3 Rxc4 36. Ra6 Rc1+ 37. Kg2 Rc2 38. Rxa7 (38. Bxc2 $142 Be7 39. Ne5 Bf8 40. Rxa7 Bg7 41. Ng6 Kh7 42. Nf4+ Kg8 43. Bg6 Kh8 44. Ra8+ Bf8 45. Ne6 Kg8 46. Rxf8#) 38... Rb2 39. Ra8+ Kf7 40. h4 Be3 41. Bg4 Bxf2 42. Kh3 Bxg3 43. Bh5+ Ke7 44. Kxg3 Rb3 45. Ra6 {White mates.} Kd7 46. Bg4+ Kc7 47. Rxh6 {Accuracy: White = 44%, Black = 35%.} 1-0

[Event "Stay Safe Play From Home 229"]
[Site "Emanuel Lasker Arena"]
[Date "2020.06.16"]
[Round "8"]
[White "Haxhi Baha"]
[Black "Toosieslide"]
[Result "0-1"]
[WhiteElo "1939"]
[BlackElo "2267"]
[Annotator "TA"]
[PlyCount "64"]
[EventDate "2020.06.16"]
[EventType "swiss (blitz)"]

{[%evp 10,64,-41,-183,-67,-60,-54,-72,-24,-37,-32,-39,-13,-71,-77,-62,-57,-118,-95,-112,-115,-129,-132,-129,-92,-89,-38,-41,-5,-47,-17,-70,-60,-79,-78,-69,-72,-81,-27,-162,-150,-213,-220,-405,-389,-760,-787,-789,-708,-1158,-1152,-1329,-1272,-1881,-1781,-2174,-2101]} 1. e4 e5 2. f4 d5 3. exd5 exf4 4. d4 Nf6 5. Nf3 Nxd5 6. c4 (6. Bc4 $15) 6... Ne3 {C36: King's Gambit Accepted: 3 Nf3 d5.} (6... Bb4+ $1 $19 7. Kf2 Ne3 $1 {[%mdl 512]} 8. Bxe3 fxe3+ 9. Kxe3 Bg4) 7. Bxe3 $15 fxe3 8. Be2 Bb4+ {Black is better.} 9. Nc3 {Threatening Qa4+.} O-O 10. O-O {[#]} Nc6 $146 {[%cal Bb8c6,Bc6e7,Be7g6][%mdl 32]} ({Predecessor:} 10... c6 11. Qd3 Re8 12. Ne5 f6 13. Nf7 Qc7 14. Bh5 Rf8 15. Qxe3 Bxc3 16. bxc3 Rxf7 17. Bxf7+ Qxf7 {0-1 (53) Gorol,A (1800)-Guzik,J (2108) Wysowa 2005}) 11. d5 (11. Qb3 $11) 11... Ne7 $17 12. Qd3 b6 13. Kh1 ({Wrong is} 13. Qxe3 $2 Bc5 $19) (13. a3 $15 Bxc3 14. Qxc3) 13... Bc5 14. Ne4 Bf5 15. Nh4 Bxe4 $1 16. Qxe4 Ng6 17. Nf5 Re8 ({Better is} 17... Qe8 $17 18. Qg4 Qe5) 18. Qg4 $15 Qc8 19. Rf3 Bf8 20. Rh3 (20. Raf1 $11) 20... Re5 $36 {[%mdl 2048] Black has the initiative.} 21. Rf1 {[#]} Qe8 $1 22. Qh5 {[%csl Gh3][%cal Rh5h7]} h6 23. Qf3 Qd7 ({Black should play} 23... Re4 $17 {And now ...Rf4 would win.} 24. g3 c6) 24. g4 {Loses the game.} (24. Rg3 $11 {and White stays safe.}) 24... Rae8 $19 25. Rh5 (25. Ng3 $17) 25... Re4 26. Ng3 $2 (26. g5 Rf4 27. Qh3 Rxf1+ 28. Qxf1) 26... Rf4 27. Qxf4 $2 (27. Qg2 Rd4 28. Qf3) 27... Nxf4 {Black is clearly winning.} 28. Rxf4 Bd6 29. Rff5 Bxg3 30. hxg3 g6 {[%mdl 64] Double Attack} 31. Rxh6 gxf5 32. g5 {[#]} f4 $1 {Accuracy: White = 36%, Black = 60%.} 0-1